|
|
|
|
| LEADER |
00732nab a2200181 i 4500 |
| 001 |
acta41295 |
| 005 |
20260224081030.0 |
| 008 |
170802s2006 hu o 000 hun d |
| 022 |
|
|
|a 0237-7934
|
| 040 |
|
|
|a SZTE Egyetemi Kiadványok Repozitórium
|b hun
|
| 041 |
|
|
|a hun
|
| 100 |
1 |
|
|a Gonda György
|
| 245 |
1 |
0 |
|a "...Egressy Gábor színész és Kossuth kormánybiztosa"
|h [elektronikus dokumentum] :
|b egy év eseménytörténete - emigráció után /
|c Gonda György
|
| 260 |
|
|
|c 2006
|
| 300 |
|
|
|a 115-126
|
| 490 |
0 |
|
|a Aetas
|v 21 No. 4
|
| 695 |
|
|
|a Egressy Gábor, Színházművészet - magyar - 19. sz. - életrajz, Emigráció - magyar - 19. sz.
|
| 856 |
4 |
0 |
|u http://acta.bibl.u-szeged.hu/41295/1/aetas_2006_004_115-126.pdf
|z Dokumentum-elérés
|